United States Naturalization Test - Statistics

General Stats
  • This quiz has been taken 111 times
  • The average score is 8 of 10
Answer Stats
Hint Answer % Correct
We elect a President for how many years? 4
100%
What is the name of the President of theUnited States now? Joe Biden
97%
We elect a U.S. Senator for how manyyears? 6
93%
What is the highest court in the UnitedStates? The Supreme Court
92%
What is the name of the Vice President ofthe United States now? Kamala Harris
91%
Who is in charge of the executivebranch? the President
91%
How many U.S. Senators are there? 100
88%
How many amendments does the Constitution have? 27
80%
When is the last day to send in federalincome tax forms? April 15
65%
What are the two major political parties inthe United States? Democratic and Republican
41%
No matching quizzes found
Score Distribution
Percent of People with Each Score
Percentile by Number Answered
Your Score History
You have not taken this quiz